| 000 -LEADER |
| fixed length control field |
00701nam a22002055i 4500 |
| 003 - CONTROL NUMBER IDENTIFIER |
| control field |
OSt |
| 005 - DATE AND TIME OF LATEST TRANSACTION |
| control field |
20200317155854.0 |
| 008 - FIXED-LENGTH DATA ELEMENTS--GENERAL INFORMATION |
| fixed length control field |
150529m2003uuuufi 000 0 eng |
| 020 ## - INTERNATIONAL STANDARD BOOK NUMBER |
| Cancelled/invalid ISBN |
9789516829541 (v. 5 : pbk.) |
| 040 ## - CATALOGING SOURCE |
| Original cataloging agency |
DLC |
| Language of cataloging |
eng |
| Transcribing agency |
DLC |
| Description conventions |
rda |
| 082 ## - DEWEY DECIMAL CLASSIFICATION NUMBER |
| Classification number |
720 |
| 245 00 - TITLE STATEMENT |
| Title |
Alvar Aalto architect. |
| 300 ## - PHYSICAL DESCRIPTION |
| Extent |
volume ; |
| Dimensions |
cm |
| 505 10 - FORMATTED CONTENTS NOTE |
| Miscellaneous information |
Volume 5. |
| Title |
Paimio Sanatorium 1929-33 / |
| Statement of responsibility |
[editorial board: Esa Laaksonen [amd others] ; editors of this volume: Mia Hipeli, Esa Laaksonen ; translations: Gareth Griffiths [andothers]]. |
| 776 0# - ADDITIONAL PHYSICAL FORM ENTRY |
| International Standard Book Number |
9789516829541 (v. 5 : pbk.) |
| 776 0# - ADDITIONAL PHYSICAL FORM ENTRY |
| Record control number |
(GyWOH)har145023337 |
| 906 ## - LOCAL DATA ELEMENT F, LDF (RLIN) |
| a |
0 |
| b |
ibc |
| c |
origres |
| d |
u |
| e |
ncip |
| f |
20 |
| g |
y-gencatlg |
| 942 ## - ADDED ENTRY ELEMENTS (KOHA) |
| Source of classification or shelving scheme |
|
| 955 ## - COPY-LEVEL INFORMATION (RLIN) |
| Book number/undivided call number, CCAL (RLIN) |
x for xxD |